书目信息 |
| 题名: |
画笔与鼠标
|
|
| 作者: | 赫兰德 编 ;任念文 译 | |
| 分册: | ||
| 出版信息: | 上海 上海人民美术出版社 2002 |
|
| 页数: | 142页 | |
| 开本: | 28cm | |
| 丛书名: | ||
| 单 册: | ||
| 中图分类: | J2-39 | |
| 科图分类: | ||
| 主题词: | 插图--世界--现代--画册 , CT--S006791--插图 | |
| 电子资源: | ||
| ISBN: | 7-5322-2947-5 | |
| 000 | 01024nam0 2200289 45 | |
| 001 | 012002024143 | |
| 005 | 20031219104108.0 | |
| 010 | @a7-5322-2947-5@dCNY72.00 | |
| 100 | @a20020314d2002 em y0chiy0110 ea | |
| 101 | 1 | @achi@ceng |
| 102 | @aCN@b310000 | |
| 105 | @aa z 000yy | |
| 106 | @ar | |
| 200 | 1 | @a画笔与鼠标@9hua bi yu shu biao@e商业艺术和数码插图@f(英)安格斯·赫兰德编@g任念文译 |
| 210 | @a上海@c上海人民美术出版社@d2002 | |
| 215 | @a142页@c图@d28cm | |
| 305 | @a英国Laurence King出版公司授权出版 | |
| 330 | @a本书展示了来自世界各地的45位插图画家的作品,反映出差异很大的创作风格。同时还推出他们精美的作品范例。 | |
| 510 | 1 | @aPen and Mouse@eCommercial Art and Digital Illustration@zeng |
| 517 | 1 | @a商业艺术和数码插图@9shang ye yi shu he shu ma cha tu |
| 606 | 0 | @a插图@y世界@z现代@j画册 |
| 606 | 0 | @2CT@3S006791@a插图 |
| 690 | @aJ2-39@v4 | |
| 701 | 1 | @a赫兰德@9he lan de@b安格斯@4编 |
| 702 | 0 | @a任念文@9ren nian wen@4译 |
| 801 | @aCN@bTSTC@c20030325 | |
| 905 | @b321475-477@dJ2-39@e13@f3 | |
| 画笔与鼠标:商业艺术和数码插图/(英)安格斯·赫兰德编/任念文译.-上海:上海人民美术出版社,2002 |
| 142页:图;28cm |
| ISBN 7-5322-2947-5:CNY72.00 |
| 本书展示了来自世界各地的45位插图画家的作品,反映出差异很大的创作风格。同时还推出他们精美的作品范例。 |
| ● |
| 相关链接 |
|
|
|
|
正题名:画笔与鼠标
索取号:J2-39/13
 
预约/预借
| 序号 | 登录号 | 条形码 | 馆藏地/架位号 | 状态 | 备注 |
| 1 | 0321475 | 203214752 | 第一借阅区/ [索取号:J2-39/13] | 在馆 | |
| 2 | 0321476 | 203214761 | 第一借阅区/ [索取号:J2-39/13] | 在馆 | |
| 3 | 0321477 | 203214770 | 第一样本阅览室/ [索取号:J2-39/13] | 在馆 |